Letter-changing game Quiz Stats

Quiz not verified by Sporcle

Challenge
Share
Tweet
Embed
Score 0/60 Timer 20:00
0 Plays Today
Hint Word % Correct
the front part of the head, from the forehead to the chinface
100%
a rate of movement, especially in stepping, walking, etc.pace
86.4%
a netlike ornamental fabric made of threads by hand or machinelace
86.4%
'Pediculus humanus'lice
81.8%
a small furry animal with a worm-like tailmice
81.8%
a synonym for 'kind'nice
81.8%
the starchy seeds or grain of an annual marsh grass, 'Oryza sativa'rice
77.3%
a group of people with the same color skin; a type of motion contestrace
72.7%
a framework of bars, wires, or pegs on which articles are arranged or depositedrack
72.7%
a verb describing someone or something missing somethinglack
72.7%
to devise or modify a computer program, usually skillfully; to chophack
59.1%
the rear part of the human body, extending from the neck to the lower end of the spineback
59.1%
a term for moneybuck
59.1%
a superstitious term that describes something miraculously happeningluck
54.5%
to draw into the mouth by producing a partial vacuum by action of the lips and tonguesuck
54.5%
afflicted with ill health or diseasesick
54.5%
a small notch, groove, chip, or the like, cut into or existing in somethingnick
54.5%
to pass the tongue over the surface of, as to moisten, taste, or eatlick
54.5%
a device for securing a door, gate, lid, etc.lock
54.5%
a specially designed cube used for both certain board and card gamesdice
54.5%
a native or inhabitant of DenmarkDane
54.5%
a person or thing that ruins or spoils; a deadly poison (as in the names of poisonous plants)bane
54.5%
a specialized place for depositing, keeping, and withdrawing moneybank
54.5%
something to click on that automatically takes someone to a specified websitelink
54.5%
a flaw or imperfection lekely to hinder the successful operation of something, as a machine or plankink
54.5%
a ruler over a kingdomking
54.5%
fortuitous typo for 'hint,' now in wide intentional use among players of initgamehing
54.5%
to utter words or sounds in succession with musical modulations of the voice; vocalize melodicallysing
54.5%
what the 'Titanic' didsink
54.5%
to blink with one eyewink
54.5%
Hint Word % Correct
the fermented juice of grapes, made in many varieties, such as red, white, sweet, dry, still, and sparklingwine
54.5%
a trick, artifice, or stratagem meant to fool, trap, or enticewile
54.5%
a bitter, alkaline, yellow or greenish liquid, secreted by the liver, that aids in absorption and digestion, especially of fatsbile
54.5%
a twining plant stem, as of the hop; any bindweedbine
54.5%
any plant having a long slender stem that trails or creeps on the ground or clims by winding itself about a support or holding fast with tendrils or claspersvine
54.5%
evil, maliciousvile
54.5%
a valley; the world, or mortal or earthly lifevale
54.5%
a streak, stripe, or ridge produced on the skin by the stroke of a rod or whip; weltwale
54.5%
a form of transportationwalk
54.5%
to socializetalk
54.5%
a story, usually starting with 'Once Upon A Time'tale
54.5%
a large bundle or package prepared for shipping, storage, etc.bale
54.5%
the longest river in the world, located in AfricaNile
54.5%
a unit of distance on land in English-speaking countries equal to 5,280 feet, 1,760 yards and 1.609 kilometersmile
54.5%
an exclamation of disgustgack
50%
a synonym for 'taunt'mock
50%
a metal or plastic piece at the end of an arrownock
50%
a pustule on the body in an eruptive disease, such as smallpoxpock
50%
the 'ball' used for hockeypuck
50%
of a dark or brownish purplepuce
50%
(of plants) unduly long and slender; (of hair) straight and limp, without spring or curllank
50%
the sound a bell makesbing
50%
the sound a gun makesbang
50%
a type of death penaltyhang
50%
a former bronze coin of British India, one quarter of an annapice
45.5%
either of two colors, ____ blue or ____ greenbice
45.5%
a leader or dictatorduce
45.5%
'Leusciscus leuciscus'dace
45.5%
the way the economy workssale
45.5%
to pour with rainsile
45.5%

You're not logged in!

Compare scores with friends on all Sporcle quizzes.
Join for Free
OR
Log In

You Might Also Like...

Show Comments

Extras

Top Quizzes Today


Score Distribution

Your Account Isn't Verified!

In order to create a playlist on Sporcle, you need to verify the email address you used during registration. Go to your Sporcle Settings to finish the process.

Report this User

Report this user for behavior that violates our Community Guidelines.

Details: